000 01132nam0a22003131 4500
001 v19\rc\1851656
005 20251118180451.7
035 _a(NLR Aleph) 004986443
090 _a6239532
_c6239532
100 _a20080221d1909 u y0rusy50 ca
101 0 _arus
102 _aRU
105 _ay z |||||
200 1 _aК двухсотлетию Полтавской битвы 27 июня 1709-1909 г.
_eПолтавская битва
_fЕ. Зеланд-Дубельт
210 _aСимбирск
_cГуб. тип.
_d1909
215 _a27 с.
_d22
532 1 1 _aК двухсотлетию Полтавской битвы двадцать седьмого июня 1709-1909 г.
700 1 _aЗеланд-Дубельт
_bЕ. А.
_f1860-ок.1937
_gЕлена Александровна
_9160349
_3RU\NLR\AUTH\770160391
801 0 _aRU
_bNLR
_gpsbo
801 0 _aRU
_bRuMoRGB
_2psbo
801 1 _aRU
_bProSoft-M
_2rusmarc
801 2 _aRU
_bNLR
_c20160719
_2rusmarc
852 _aNLR
_j34.87.3.807
899 _aRuMoRGB
_jM 63/320
899 _aRuMoRGB
_jЪ 396/148
899 _aБАН
942 _cBOOK
980 _aNB